Statistiques concernant Pays avec un ou plusieurs E

Cliquez ici pour prendre le quiz!

Statistiques générales

  • Ce quiz a été pris 599 fois
    (152 depuis la dernière actualisation)
  • Le résultat moyen est 118 sur 135

Statistiques - réponses

Nombre de E Réponse % Correct
EFrance
98%
EENorvège
97%
EChine
97%
EEArgentine
97%
ERussie
96%
EEEspagne
96%
EAustralie
96%
EIslande
96%
EESuède
96%
EEEtats-Unis
95%
ESuisse
95%
EItalie
95%
EInde
95%
EEAllemagne
95%
EEBelgique
94%
EEEENouvelle-Zélande
94%
EEEstonie
94%
EEEgypte
94%
EBrésil
94%
EEIndonésie
94%
EIrlande
94%
EEAlgérie
94%
EUkraine
94%
ETurquie
94%
EESlovénie
94%
EEGuinéé
93%
EEMacédoine du Nord
93%
ELituanie
93%
EEEErythrée
93%
EEEVenezuela
93%
EECorée du Nord
93%
EEBiélorussie
93%
EFinlande
93%
EECorée du Sud
93%
EELettonie
92%
EEMexique
92%
EEEEGuinée équatoriale
92%
EEELiechtenstein
92%
EEEthiopie
92%
EAutriche
92%
EAfrique du Sud
92%
ESlovaquie
92%
ENiger
91%
EEEEEPapouasie-Nouvelle-Guinée
91%
EGambie
91%
EAndorre
91%
EEGrèce
91%
EPologne
91%
EEEquateur
91%
EThaïlande
91%
EPhilippines
91%
EEEmirats arabes unis
91%
EPérou
91%
EEBelize
90%
ETunisie
90%
EEEERépublique tchèque
90%
ERoumanie
90%
ENigeria
90%
EMalte
90%
EEEERépublique centrafricaine
89%
EBulgarie
89%
ELibye
89%
EEEERépublique démocratique du Congo
89%
EEArménie
89%
EMongolie
89%
EEEEBosnie-Herzégovine
89%
EAlbanie
89%
EZambie
88%
EHongrie
88%
EIsraël
88%
EMalaisie
88%
EMoldavie
88%
ENépal
88%
ETurkménistan
88%
EBolivie
88%
EEArabie Saoudite
88%
EEYémen
87%
ERoyaume-Uni
87%
EViêt Nam
87%
EESerbie
87%
EERépublique du Congo
86%
EColombie
86%
EEEEESaint-Vincent-et-les-Grenadines
86%
ECroatie
86%
EZimbabwe
86%
EEGuinée-Bissau
86%
ELuxembourg
86%
EMauritanie
86%
EChypre
86%
ECambodge
86%
EEEESaint-Christophe-et-Niévès
86%
EDanemark
86%
EEMicronésie
85%
EEERépublique dominicaine
85%
EESainte-Lucie
85%
ESyrie
85%
EBirmanie
85%
ESomalie
85%
EOuzbékistan
84%
ENamibie
84%
EEESierra Leone
84%
EBrunei
84%
EEGéorgie
84%
EJordanie
84%
EEDominique
83%
EEESeychelles
83%
EEMonténégro
83%
ETanzanie
83%
EMaurice
83%
EESénégal
83%
EBénin
82%
EEGrenade
82%
ELiberia
82%
EEESao Tomé-et-Principe
82%
EMaldives
82%
EMozambique
81%
EBahreïn
81%
EComores
81%
EKenya
81%
EJamaïque
81%
EAzerbaïdjan
81%
ECap-Vert
80%
EECôte d'Ivoire
80%
EBarbade
79%
EETrinité-et-Tobago
79%
EKoweït
79%
ELesotho
78%
ETimor Oriental
77%
EBangladesh
77%
EGuatemala
76%
ECameroun
76%
ESuriname
75%
EAntigua-et-Barbuda
73%
EEswatini
53%
EÎles Marshall
50%

Distribution des résultats

Percentile by Number Answered

% des personnes avec chaque résultat

Votre développement - résultats

Vous n’avez pas pris ce quiz depuis la dernière actualisation